000 00468nam a22001457a 4500
008 260616b |||||||| |||| 00| 0 eng d
020 _a978-902-47-9142-2
100 _aDIAS HILZIDINA NORBERTO
245 _aAs desigualdes sociolinguistica e o fracasso escolar
_b em direccao a uma pratica linguistico-escolar libertadora
250 _a1ed
260 _aMaputo
_bTexto Editora
_c2006
300 _a184p
650 _apratica linguistica escolar
942 _2udc
_cBK
999 _c56383
_d56382